Toutes les communes des DOM sur une carte - Statistiques

Statistiques générales
  • Ce quiz a été pris 2 452 fois
  • Le résultat moyen est 30 sur 129
Réponses sur la Carte
Les réponses sont colorées sur une échelle allant du rouge au vert en fonction du pourcentage des utilisateurs qui les ont devinées à leur premier essai. Vous pouvez retrouver ces pourcentages ci-dessous.
 
Statistiques - réponses
Département Population Communes % Correct
Martinique 641 Fonds-Saint-Denis
86%
La Réunion 156 149 Saint-Denis
86%
Guyane 63 956 Cayenne
81%
Martinique 75 165 Fort-de-France
77%
La Réunion 85 254 Saint-Pierre
77%
Martinique 4 069 Saint-Pierre
77%
Mayotte 71 437 Mamoudzou
70%
La Réunion 106 220 Saint-Paul
67%
Guadeloupe 9 419 Basse-Terre
65%
Guadeloupe 14 855 Pointe-à-Pitre
61%
Guadeloupe 5 813 Pointe-Noire
61%
Guyane 24 470 Kourou
57%
Guyane 51 732 Saint-Laurent-du-Maroni
55%
La Réunion 81 964 Le Tampon
52%
La Réunion 35 584 Sainte-Marie
50%
Martinique 14 827 Sainte-Marie
50%
Guadeloupe 51 760 Les Abymes
46%
Guadeloupe 24 415 Sainte-Anne
42%
Martinique 4 491 Sainte-Anne
42%
Guadeloupe 2 594 Saint-Louis
42%
La Réunion 54 478 Saint-Louis
42%
La Réunion 33 670 Le Port
41%
La Réunion 37 585 Saint-Benoît
39%
La Réunion 57 546 Saint-André
34%
Martinique 39 346 Le Lamentin
33%
La Réunion 38 992 Saint-Joseph
33%
Martinique 16 470 Saint-Joseph
33%
Guadeloupe 13 249 Saint-François
30%
Guadeloupe 17 494 Sainte-Rose
29%
La Réunion 6 450 Sainte-Rose
29%
Guadeloupe 5 591 Port-Louis
28%
Guyane 4 710 Saint-Georges
28%
La Réunion 35 597 Saint-Leu
28%
Martinique 11 622 La Trinité
25%
Guyane 8 423 Maripasoula
25%
Mayotte 17 831 Dzaoudzi
24%
La Réunion 5 215 Cilaos
23%
Guadeloupe 18 437 Lamentin
23%
La Réunion 36 390 La Possession
23%
Martinique 21 490 Le Robert
23%
La Réunion 5 093 Saint-Philippe
23%
Guadeloupe 27 205 Le Gosier
22%
Martinique 8 526 Le Marin
22%
Martinique 4 469 Le Morne-Rouge
21%
Martinique 1 748 Le Morne-Vert
21%
La Réunion 24 855 Sainte-Suzanne
21%
Martinique 19 342 Schœlcher
21%
Guadeloupe 15 839 Morne-à-l'Eau
20%
La Réunion 7 333 Salazie
20%
Guadeloupe 30 943 Baie-Mahault
19%
Guadeloupe 1 349 La Désirade
19%
Martinique 5 924 Le Diamant
19%
Guadeloupe 22 924 Le Moule
19%
Martinique 15 858 Le François
18%
La Réunion 14 329 L'Étang-Salé
18%
Martinique 11 797 Rivière-Pilote
18%
Martinique 11 818 Rivière-Salée
18%
Guadeloupe 895 Terre-de-Bas
18%
Guadeloupe 1 479 Terre-de-Haut
18%
Guadeloupe 17 882 Capesterre-Belle-Eau
17%
Guadeloupe 3 150 Capesterre-de-Marie-Galante
17%
Guadeloupe 10 432 Saint-Claude
17%
Guadeloupe 7 519 Trois-Rivières
17%
Guadeloupe 3 792 Deshaies
16%
La Réunion 6 920 La Plaine-des-Palmistes
16%
Martinique 6 735 Les Trois-Îlets
16%
Guadeloupe 24 299 Petit-Bourg
16%
Martinique 9 275 Sainte-Luce
16%
Guadeloupe 6 381 Bouillante
15%
Guyane 27 037 Remire-Montjoly
15%
La Réunion 13 131 Bras-Panon
14%
Martinique 17 837 Ducos
14%
Guadeloupe 7 640 Goyave
14%
Mayotte 32 156 Koungou
14%
Martinique 3 619 Le Carbet
14%
La Réunion 11 445 Les Avirons
14%
Martinique 8 481 Le Vauclin
14%
Guyane 35 551 Matoury
14%
La Réunion 12 920 Petite-Île
14%
Guyane 297 Saül
14%
Guadeloupe 4 232 Anse-Bertrand
13%
La Réunion 7 115 Entre-Deux
13%
Martinique 9 752 Gros-Morne
13%
Martinique 3 874 Les Anses-d'Arlet
13%
La Réunion 7 113 Les Trois-Bassins
13%
Guadeloupe 7 040 Vieux-Habitants
13%
Martinique 4 524 Case-Pilote
12%
Guadeloupe 4 678 Grand-Bourg
12%
Martinique 508 Grand'Rivière
12%
Martinique 6 607 Le Lorrain
12%
Martinique 1 463 Le Prêcheur
12%
Guyane 11 364 Mana
12%
Guadeloupe 8 206 Petit-Canal
12%
Martinique 10 422 Saint-Esprit
12%
Guadeloupe 4 949 Baillif
11%
Martinique 2 810 Basse-Pointe
11%
Martinique 1 824 Bellefontaine
11%
Guadeloupe 7 378 Gourbeyre
11%
Martinique 1 693 L'Ajoupa-Bouillon
11%
Martinique 2 991 Le Marigot
11%
Martinique 1 001 Macouba
11%
Guyane 1 657 Régina
11%
Guyane 2 801 Sinnamary
11%
Guadeloupe 1 730 Vieux-Fort
11%
Guyane 10 059 Apatou
10%
Guyane 1 549 Awala-Yalimapo
10%
Guyane 2 168 Camopi
10%
Guyane 9 390 Grand-Santi
10%
Guyane 1 685 Iracoubo
10%
Guyane 18 807 Macouria
10%
Guyane 5 530 Papaichton
10%
Guyane 3 382 Roura
10%
Mayotte 11 156 Sada
10%
Guyane 157 Saint-Élie
10%
Mayotte 13 989 Bandraboua
9%
Mayotte 6 189 Bouéni
9%
Mayotte 8 920 Chirongui
9%
Mayotte 15 848 Dembeni
9%
Mayotte 5 507 Kani-Kéli
9%
Guyane 3 457 Montsinéry-Tonnegrande
9%
Mayotte 7 705 Mtsamboro
9%
Guyane 200 Ouanary
9%
Mayotte 11 442 Pamandzi
9%
Mayotte 13 934 Tsingoni
9%
Mayotte 5 192 Acoua
8%
Mayotte 10 282 Bandrele
8%
Mayotte 8 295 Chiconi
8%
Mayotte 6 432 M'Tsangamouji
8%
Mayotte 10 203 Ouangani
8%
Aucun quiz correspondant
Distribution des résultats
% des personnes avec chaque résultat
Percentile par nombre de réponses
Votre historique - résultats
Vous n’avez pas pris ce quiz